Vista normal
Vista MARC
Entrada Personal Name
Número de registros utilizados en: 3
001 - CONTROL NUMBER
- control field: 8244
003 - CONTROL NUMBER IDENTIFIER
- control field: DLC
005 - DATE AND TIME OF LATEST TRANSACTION
- control field: 20200803161434.0
008 - FIXED-LENGTH DATA ELEMENTS
- fixed length control field: 860926n| acannaabn |a aad
010 ## - LIBRARY OF CONGRESS CONTROL NUMBER
- LC control number: n 86854684
035 ## - SYSTEM CONTROL NUMBER
- System control number: (OCoLC)oca01680796
040 ## - CATALOGING SOURCE
- Original cataloging agency: DLC
- Language of cataloging: spa
- Transcribing agency: Mx-PuUPA
- Modifying agency: OCoLC
- Modifying agency: Mx-PuUPA
- Description conventions: rda
100 1# - HEADING--PERSONAL NAME
- Personal name: Blanes Prieto, Joaquín,
372 ## - FIELD OF ACTIVITY
- Field of activity: Ciencias contables
374 ## - OCCUPATION
- Occupation: Contador público
- Occupation: Autor
375 ## - GENDER
- Gender: hombre
377 ## - ASSOCIATED LANGUAGE
- Language code: spa
400 1# - SEE FROM TRACING--PERSONAL NAME
- Personal name: Prieto, Joaquín Blanes
670 ## - SOURCE DATA FOUND
- Source citation: nuc86-88325: His Diccionario de términos contables ...1983, c1972
- Information found: (hdg. on OU rept.: Blanes Prieto, Joaquín; usage: Joaquín Blanes Prieto)
670 ## - SOURCE DATA FOUND
- Source citation: Biblioteca del congreso (Estados Unidos), 10 octubre 2018:
- Information found: catálogo electrónico
- Uniform Resource Identifier: https://goo.gl/4XZWij